When Markets Collide : (Record no. 16611)
[ view plain ]
| 000 -LEADER | |
|---|---|
| fixed length control field | 01804cam a2200289 a 4500 |
| 001 - CONTROL NUMBER | |
| control field | 15277079 |
| 005 - DATE AND TIME OF LATEST TRANSACTION | |
| control field | 20090831133853.0 |
| 008 - FIXED-LENGTH DATA ELEMENTS--GENERAL INFORMATION | |
| fixed length control field | 080425s2008 nyua b 001 0 eng |
| 020 ## - INTERNATIONAL STANDARD BOOK NUMBER | |
| International Standard Book Number | 0071592814 (alk. paper) |
| 020 ## - INTERNATIONAL STANDARD BOOK NUMBER | |
| International Standard Book Number | 9780071592819 (alk. paper) |
| 040 ## - CATALOGING SOURCE | |
| Original cataloging agency | DLC |
| Transcribing agency | DLC |
| Modifying agency | DLC |
| 082 00 - DEWEY DECIMAL CLASSIFICATION NUMBER | |
| Classification number | 381.101 |
| Edition number | 22 |
| Item number | ERI |
| 100 1# - MAIN ENTRY--PERSONAL NAME | |
| Personal name | El-Erian, Mohamed A., |
| Dates associated with a name | 1958- |
| 9 (RLIN) | 29482 |
| 245 10 - TITLE STATEMENT | |
| Title | When Markets Collide : |
| Remainder of title | Investment Strategies for the Age of Global Economic Change / |
| Statement of responsibility, etc | Mohamed A. El-Erian. |
| 260 ## - PUBLICATION, DISTRIBUTION, ETC. (IMPRINT) | |
| Place of publication, distribution, etc | New York : |
| Name of publisher, distributor, etc | McGraw-Hill, |
| Date of publication, distribution, etc | c2008. |
| 300 ## - PHYSICAL DESCRIPTION | |
| Extent | xiii, 344 p. : |
| Other physical details | ill. ; |
| Dimensions | 24 cm. |
| 504 ## - BIBLIOGRAPHY, ETC. NOTE | |
| Bibliography, etc | Includes bibliographical references (p. 313-325) and index. |
| 505 0# - FORMATTED CONTENTS NOTE | |
| Formatted contents note | Aberrations, conundrums, and puzzles -- How traditional resources failed us -- Separating what matters from what doesn't -- Understanding the new destination -- Prospects for the journey -- Benefiting from global economic and financial change : an action plan for investors -- An action plan for national policy makers and global institutions -- Improved risk management -- Conclusion. |
| 520 ## - SUMMARY, ETC. | |
| Summary, etc | Written by the man who "Fortune" magazine refers to as a "Global Guru," "When Markets Collide" offers a cogent picture of the rapidly changing world financial system, and provides a detailed blueprint for capitalizing on the opportunities now available. |
| 650 #0 - SUBJECT ADDED ENTRY--TOPICAL TERM | |
| Topical term or geographic name as entry element | Markets. |
| 9 (RLIN) | 29483 |
| 650 #0 - SUBJECT ADDED ENTRY--TOPICAL TERM | |
| Topical term or geographic name as entry element | Business cycles. |
| 9 (RLIN) | 29484 |
| 650 #0 - SUBJECT ADDED ENTRY--TOPICAL TERM | |
| Topical term or geographic name as entry element | Risk management. |
| 9 (RLIN) | 29485 |
| 653 ## - INDEX TERM--UNCONTROLLED | |
| Resource For college | |
| Arrived date list | March2012 |
| 942 ## - ADDED ENTRY ELEMENTS (KOHA) | |
| Source of classification or shelving scheme | Dewey Decimal Classification |
| Item type | Book - Borrowing |
| Withdrawn status | Item status | Source of classification or shelving scheme | Damaged status | Not for loan | Vendor | Home library | Current library | Shelving location | Date acquired | Source of acquisition | Total Checkouts | Full call number | Barcode | Date last seen | Koha item type |
|---|---|---|---|---|---|---|---|---|---|---|---|---|---|---|---|
| Dewey Decimal Classification | Baccah | Central Library | Central Library | First floor | 27/03/2012 | 381.101 ERI | 000026548 | 15/07/2025 | Book - Borrowing |